<?xml version="1.0" encoding="UTF-8"?>
<record
    xmlns:xsi="http://www.w3.org/2001/XMLSchema-instance"
    xsi:schemaLocation="http://www.loc.gov/MARC21/slim http://www.loc.gov/standards/marcxml/schema/MARC21slim.xsd"
    xmlns="http://www.loc.gov/MARC21/slim">

  <leader>01478nam a2200277   4500</leader>
  <controlfield tag="001">113822</controlfield>
  <controlfield tag="003">DR-UNIBE</controlfield>
  <controlfield tag="005">20250703094600.0</controlfield>
  <controlfield tag="008">250703b2005    dr ||||| |||| 00| 0 spa d</controlfield>
  <datafield tag="040" ind1=" " ind2=" ">
    <subfield code="a">BIBLIOTECA UNIBE</subfield>
    <subfield code="b">spa</subfield>
    <subfield code="c">BIBLIOTECA UNIBE</subfield>
    <subfield code="e">rda</subfield>
  </datafield>
  <datafield tag="041" ind1=" " ind2=" ">
    <subfield code="a">spa</subfield>
  </datafield>
  <datafield tag="082" ind1=" " ind2=" ">
    <subfield code="2">22</subfield>
    <subfield code="a">RD 230.07 P644f</subfield>
  </datafield>
  <datafield tag="100" ind1="1" ind2="0">
    <subfield code="a">Pimentel Torres, Franklyn</subfield>
    <subfield code="9">196925</subfield>
    <subfield code="e">autor</subfield>
  </datafield>
  <datafield tag="245" ind1="1" ind2="0">
    <subfield code="a">Formaci&#xF3;n integral humana y religiosa 4 : </subfield>
    <subfield code="b">cuarto grado / </subfield>
    <subfield code="c">Franklyn Pimentel Torres</subfield>
  </datafield>
  <datafield tag="250" ind1=" " ind2=" ">
    <subfield code="a">Primera edici&#xF3;n</subfield>
  </datafield>
  <datafield tag="260" ind1=" " ind2=" ">
    <subfield code="a"> Santo Domingo :</subfield>
    <subfield code="b">Ministerio de Educaci&#xF3;n (MINERD,</subfield>
    <subfield code="c">2005</subfield>
  </datafield>
  <datafield tag="300" ind1=" " ind2=" ">
    <subfield code="a">110 p&#xE1;ginas : </subfield>
    <subfield code="b">ilustraciones a color ;</subfield>
    <subfield code="c"> 27 x 21 cm</subfield>
  </datafield>
  <datafield tag="490" ind1=" " ind2=" ">
    <subfield code="a"> Vivamos alegres</subfield>
  </datafield>
  <datafield tag="500" ind1=" " ind2=" ">
    <subfield code="a">Comentario de la obra en la contraportada</subfield>
  </datafield>
  <datafield tag="505" ind1=" " ind2=" ">
    <subfield code="a">Presentaci&#xF3;n |
Unidad 1. Vivir como personas responsables y felices |
Unidad 2.  Jes&#xFA;s hizo felices a mucha personas |
Unidad 3. &#xBF;C&#xF3;mo viv&#xED;a las primeras y primeros cristianos?, |
Unidad 4.  El juego nos da alegr&#xED;a y nos hace amigos y amigas |
Unidad 5.  Compartimos la alegr&#xED;a de servir y ser &#xFA;tiles |
Notas para la maestra o el maestro |
Orientaciones para la maestra o el maestro</subfield>
  </datafield>
  <datafield tag="650" ind1=" " ind2="7">
    <subfield code="2">lemb</subfield>
    <subfield code="a"> Educaci&#xF3;n religiosa </subfield>
    <subfield code="x"> Libros de texto</subfield>
    <subfield code="9">196932</subfield>
  </datafield>
  <datafield tag="650" ind1=" " ind2="7">
    <subfield code="2">lemb</subfield>
    <subfield code="a"> Valores sociales </subfield>
    <subfield code="x">Libros de texto</subfield>
    <subfield code="9">196933</subfield>
  </datafield>
  <datafield tag="700" ind1="1" ind2="0">
    <subfield code="a">Santana Cordero, Loida Alt.</subfield>
    <subfield code="9">196928</subfield>
    <subfield code="e">coordinador</subfield>
  </datafield>
  <datafield tag="710" ind1="1" ind2="0">
    <subfield code="a">Unidad de Artes y Diagramaci&#xF3;n. Direcci&#xF3;n de Medios Educativos</subfield>
    <subfield code="9">196929</subfield>
    <subfield code="e">dise&#xF1;ador</subfield>
    <subfield code="e">diagramador</subfield>
  </datafield>
  <datafield tag="942" ind1=" " ind2=" ">
    <subfield code="2">ddc</subfield>
    <subfield code="c">BK</subfield>
  </datafield>
  <datafield tag="999" ind1=" " ind2=" ">
    <subfield code="c">113822</subfield>
    <subfield code="d">113822</subfield>
  </datafield>
  <datafield tag="952" ind1=" " ind2=" ">
    <subfield code="0">0</subfield>
    <subfield code="1">0</subfield>
    <subfield code="2">ddc</subfield>
    <subfield code="7">0</subfield>
    <subfield code="8">GEN-RD</subfield>
    <subfield code="a">Principal</subfield>
    <subfield code="d">2025-06-10</subfield>
    <subfield code="l">0</subfield>
    <subfield code="o">RD 230.07 P644f</subfield>
    <subfield code="p">250700</subfield>
    <subfield code="r">2025-07-03 09:34:34</subfield>
    <subfield code="t">Ej. 1</subfield>
    <subfield code="w">2025-07-03</subfield>
    <subfield code="y">BK</subfield>
  </datafield>
</record>
